00805nam a2200253Ia 45000010006000000050017000060070003000230080041000260400025000670410008000920820019001001000018001192450088001372500014002252600060002393000019002996530018003186530019003366530022003556530014003779420012003919520131004039990017005343801720240114001953.0ta070622s1985 g b000 u 465 u aCotton College,Assam a465 a954bKh 529 Br aKhurana, G. . 0aBritish Historiography on the Sikh Power in Punjab /cG.Khurana.hTextual Documents a1st ed. / aNew Delhi :bAllied chambers ( India ) limited ,c1985. a174p. ;c22cm. aHistory-India aIndian History aSikh Power-Punjab aG-History 2ddccBK 001040708Circulation (G)aSKBLbSKBLd2012-02-01f00000l0o954 Kh 529 Brp034/Histr2024-01-14 00:00:00t1w2012-02-01yBK c37993d37993